Statistics for Bandeiras do mundo

Click here to take the quiz!

General Stats

  • This quiz has been taken 10,643 times
  • The average score is 92 of 196

Answer Stats

Answer % Correct
Estados Unidos
99%
Canadá
98%
Reino Unido
97%
França
95%
Itália
95%
Austrália
95%
Japão
93%
Brasil
92%
Coréia do Sul
91%
Nova Zelândia
88%
China
87%
Suécia
87%
Rússia
87%
Espanha
86%
Suíça
86%
Alemanha
86%
Israel
85%
Grécia
85%
Argentina
85%
Irlanda
84%
Países Baixos
83%
África do Sul
81%
Uruguai
81%
Jamaica
81%
México
81%
Bélgica
80%
Turquia
80%
Finlândia
80%
Noruega
79%
Dinamarca
77%
Arábia Saudita
75%
Portugal
74%
Índia
74%
Venezuela
72%
Croácia
72%
Polônia
70%
Chile
69%
Islândia
69%
Nepal
66%
Cuba
66%
Vaticano
65%
Costa do Marfim
65%
Chipre
65%
Camarões
65%
Albânia
64%
Coréia do Norte
64%
Bulgária
63%
Líbano
63%
Egito
63%
Tunísia
62%
Argélia
62%
Panamá
61%
Irão
60%
Angola
60%
Áustria
60%
Hungria
59%
Vietname
59%
Geórgia
59%
Iraque
58%
Colômbia
58%
República Checa
57%
Bangladesh
54%
Equador
54%
Macedónia do Norte
54%
Butão
54%
Kosovo
53%
Paraguai
53%
Eslováquia
53%
Bósnia e Herzegovina
53%
Peru
52%
Barbados
52%
Sérvia
52%
Honduras
52%
Nigéria
52%
Romênia
51%
República Dominicana
51%
Malta
51%
Malásia
50%
Eslovénia
50%
Síria
49%
Marrocos
49%
San Marino
49%
Quênia
49%
Paquistão
48%
Ucrânia
47%
Estônia
44%
Trinidad e Tobago
43%
Costa Rica
43%
Papua Nova Guiné
42%
Mônaco
42%
Indonésia
42%
Singapura
41%
Gana
41%
Palau
41%
Cazaquistão
40%
Catar
40%
Tailândia
40%
Luxemburgo
40%
Camboja
39%
Senegal
38%
Sri Lanka
38%
Emirados Árabes Unidos
38%
Filipinas
37%
Azerbaijão
37%
Madagáscar
37%
Antígua e Barbuda
37%
Seychelles
37%
Suazilândia
36%
Moçambique
36%
Haiti
36%
El Salvador
36%
Taiwan
36%
República Democrática do Congo
36%
Nicarágua
36%
Burkina Faso
36%
Brunei
35%
Bielorrússia
35%
Bahamas
35%
Tonga
35%
Jordânia
34%
Níger
34%
Uzbequistão
34%
Bahrein
34%
Somália
33%
Letónia
33%
Laos
33%
Libéria
33%
Uganda
32%
Kuweit
32%
Andorra
32%
Afeganistão
32%
Omã
32%
Mauritânia
32%
Líbia
32%
Montenegro
31%
Kiribati
31%
Liechtenstein
31%
Gabão
31%
Turquemenistão
31%
Cabo Verde
31%
Belize
31%
Lituânia
30%
Bolívia
30%
Guatemala
30%
Togo
30%
Etiópia
30%
Mongólia
30%
Botswana
30%
Armênia
30%
Fiji
30%
Moldávia
29%
Birmânia
29%
Guiana
29%
Timor Leste
29%
Iémen
29%
Malawi
28%
Maldivas
28%
Comores
28%
Zimbábue
28%
Estados Federados da Micronésia
28%
Burundi
28%
Granada
27%
Tanzânia
27%
Chade
27%
Ilhas Marshall
26%
Suriname
26%
Sudão do Sul
26%
Santa Lúcia
26%
Nauru
26%
Eritreia
26%
Tajiquistão
25%
República do Congo
25%
Zâmbia
24%
Dominica
24%
Mali
24%
Ruanda
23%
São Tomé e Príncipe
23%
Vanuatu
23%
Samoa
23%
Lesoto
23%
Quirguistão
23%
Sudão
23%
Djibouti
22%
Namíbia
22%
República Centro-Africana
22%
Serra Leoa
22%
São Cristóvão e Nevis
21%
Guiné Equatorial
21%
Guiné
20%
Tuvalu
20%
Maurícia
20%
Benim
20%
São Vicente e Granadinas
20%
Guiné-Bissau
20%
Ilhas Salomão
17%
Gâmbia
16%

Score Distribution

Percentile by Number Answered

Percent of People with Each Score

Your Score History

You have not taken this quiz